The Hyde Group (Record no. 116253)
[ view plain ]
| 000 -LEADER | |
|---|---|
| fixed length control field | 01123cam a22002295a 4500 |
| 001 - CONTROL NUMBER | |
| control field | L160166 |
| 008 - FIXED-LENGTH DATA ELEMENTS--GENERAL INFORMATION | |
| fixed length control field | 180912s2018 xxk f 000 0 eng d |
| 035 ## - SYSTEM CONTROL NUMBER | |
| System control number | (Sirsi) u160166 |
| 041 0# - LANGUAGE CODE | |
| Language code of text/sound track or separate title | eng |
| 100 1# - MAIN ENTRY--PERSONAL NAME | |
| Personal name | Barnes, Katie |
| 245 04 - TITLE STATEMENT | |
| Title | The Hyde Group |
| Remainder of title | The value of a social tenancy |
| -- | A socio-economic evaluation based on Hyde's housing portfolio |
| Medium | [electronic resource] |
| 260 ## - PUBLICATION, DISTRIBUTION, ETC. | |
| Place of publication, distribution, etc. | London |
| Name of publisher, distributor, etc. | Bates Wells & Briathwaite |
| Date of publication, distribution, etc. | 2018 |
| 520 ## - SUMMARY, ETC. | |
| Summary, etc. | Explains results of research carried out on behalf of the Hyde group looking at the value of a social housing tenancy concudes that the economy value of social tenancies is £607m in total and £16, 906 per tenancy. Looks at five steps methodology and social-economic factors used to work out the value. |
| 590 ## - LOCAL NOTE (RLIN) | |
| Local note | KA |
| 650 24 - SUBJECT ADDED ENTRY--TOPICAL TERM | |
| Topical term or geographic name entry element | SOCIAL HOUSING |
| 651 #4 - SUBJECT ADDED ENTRY--GEOGRAPHIC NAME | |
| Geographic name | United Kingdom |
| Chronological subdivision | |
| 690 ## - LOCAL SUBJECT ADDED ENTRY--TOPICAL TERM (OCLC, RLIN) | |
| Topical term or geographic name as entry element | Residential property |
| 9 (RLIN) | 6266 |
| 700 1# - ADDED ENTRY--PERSONAL NAME | |
| Personal name | Clifford, Jim |
| 700 1# - ADDED ENTRY--PERSONAL NAME | |
| Personal name | Ross, Carla |
| 856 40 - ELECTRONIC LOCATION AND ACCESS | |
| Uniform Resource Identifier | <a href="https://www.hyde-housing.co.uk/media/4047/the-hyde-group-value-of-a-social-tenancy-report-040918-final_sml.pdf ">https://www.hyde-housing.co.uk/media/4047/the-hyde-group-value-of-a-social-tenancy-report-040918-final_sml.pdf </a> |
| Public note | View the item free of charge at www.hyde-housing.co.uk |
| 942 ## - ADDED ENTRY ELEMENTS (KOHA) | |
| Suppress in OPAC | 0 |
| Withdrawn status | Lost status | Source of classification or shelving scheme | Damaged status | Not for loan | Home library | Current library | Shelving location | Date acquired | Total Checkouts | Full call number | Barcode | Date last seen | Copy number | Price effective from | Koha item type |
|---|---|---|---|---|---|---|---|---|---|---|---|---|---|---|---|
| Dewey Decimal Classification | Virtual | Virtual | Online | 12/09/2018 | ONLINE PUBLICATION | 160166-2001 | 06/08/2019 | 1 | 06/08/2019 | Book |